| 000 | 00407nam a22001457a 4500 | ||
|---|---|---|---|
| 082 |
_a526.9 _bKEN _cL-tech, P-107 |
||
| 100 |
_aNeil Kennedy _939631 |
||
| 245 |
_aSurveying with the techeometer _cKennedy, Neil |
||
| 250 | _a2nd ed. | ||
| 260 |
_aLondon _bCrosby lockwood and son _c1904 |
||
| 300 |
_ai-vii, 103p. _bill |
||
| 526 |
_a0 _b0 _c0 _d526_900000000000000_KEN |
||
| 650 |
_aMCE _9379 |
||
| 942 |
_2ddc _cBK |
||
| 999 |
_c544085 _d544085 |
||